Music Quiz

Random Music or Song Quiz

Whitney Houston #1's (US) Quiz Stats

 Plays Quiz Updated Oct 26, 2017

Challenge
Share
Tweet
Embed
Score 0/11 Timer 05:00
1 Play Today
Year Song % Correct
1992I Will Always Love You
95.4%
1987I Wanna Dance With Somebody (Who Loves Me)
72.8%
1986Greatest Love of All
49.6%
1986How Will I Know
40.6%
1985Saving All My Love For You
31.9%
1995Exhale (Shoop Shoop)
22.4%
1988So Emotional
20.5%
1990I'm Your Baby Tonight
17.8%
1988Where Do Broken Hearts Go
16.7%
1987Didn't We Almost Have It All
15.6%
1991All The Man That I Need
10.5%

You're not logged in!

Compare scores with friends on all Sporcle quizzes.
Join for Free
OR
Log In

You Might Also Like...

Show Comments

Extras

Top Quizzes Today


Score Distribution

Your Account Isn't Verified!

In order to create a playlist on Sporcle, you need to verify the email address you used during registration. Go to your Sporcle Settings to finish the process.

Report this User

Report this user for behavior that violates our Community Guidelines.

Details: